000 00250nam a22000977a 4500
999 _c517223
_d517223
082 _aTNC T000x54 T348
100 _aThimmaiah,G.
_924808
245 _aIndi'a development experience
_cBy G. Thimmaiah
260 _aNew Delhi
_bAshish
_c1985
300 _a78p.